000 01073nam0a2200349 i 4500
001 RU\NLR\bibl\2077944
005 20240921143354.0
010 _a9785699662241
_93000
021 _aRU
_b2013-68864
_94717
035 _a(nilc)RuMoRGB-006638179
035 _a(NLR Aleph) 002063479
090 _a4691904
_c4691904
100 _a20130902d2013 u y0rusy50 ca
101 0 _arus
102 _aRU
105 _ay zzzz|||||
200 1 _aВуаль темнее ночи
_e[роман]
_fОльга Баскова
210 _aМосква
_cЭксмо
_d2013
215 _a315 с.
_d17
225 1 _aСвидание с детективом
320 _aДр. кн. авт.: с. 2
686 _aШ6(2=Р)8-446
700 1 _4070
_7ca
_8rus
_aБаскова
_bО.
_gОльга
_9180413
_3RU\NLR\AUTH\770180464
801 0 _aRU
_bRuMoRKP
_c20130902
_gRCR
801 2 _aRU
_bРГБ
_c20130911
_grcr
801 1 _aRU
_bRuMoRKP
_c20130902
_2rusmarc
801 2 _aRU
_bNLR
_c20131002
_grcr
942 _cBOOK
980 _aNBR